000 00406nam a2200157Ia 4500
008 230711s9999||||xx |||||||||||||| ||und||
041 _aENG
082 _a530
_bVI-L
100 _aVirk,Hardev Singh
245 0 _aLuminescence : basic concept application and instrumentation
250 _a1st Ed.
260 _c2014
_aMohali
_bTrans Tech Publications
300 _a273p.
650 _aPhysics
942 _cBK
999 _c5742
_d5742